1311 1466 1191 1006 1356 1494 1299 1023 1347 1949 1758 1280 1469 1021 1959 1740 1944 1436 1891 1479 1422 1926 1161 1602 1942 1024 1846 1994 1733 1951 1082 1961 1896 1162 1841 1033 1615 1985 1909 1284 1136 1549 1613 1298 1556 1036 1938 1666 1395 1621 1469 1498 1613 1861 1068 1371 1454 1186 1462 1413 1733 1658 1447 1504 1151 1077 1779 1705 1056 1914 1711 1329 1204 1231 1000 1684 1094 1403 1665 1383 1032 1437 1035 1203 1707 1216 1400 1582 1061 1270 1457 1795 1295 1092 1104 1776 1937 1948 1354 BCNSPRNW ULIB Ver.6.0+V

เปลี่ยนเป็นภาษาไทย

Change to English
 แสดงรายละเอียดบรรณานุกรม
  กลับหน้าหลัก

Brief Record : Get Marc (ISO 2709) : E-mail record : QR code < ปิดหน้าต่าง
LEADER : 00000nam 2200000uu 4500
001    13399121437
003     ULIB
008    020711s2550 th a 000 0 tha d
020    9789747547160
090    นว.^bว111ข
100    ว.วินิจฉัยกุล
245    ของขวัญวันวาน/^cว.วินิจฉัยกุล
250    พิมพ์ครั้งที่ 8
260    กรุงเทพฯ :^bทรีบีส์,^c2550
300    611 หน้า
710 1  ทรีบีส์
945    ^p380^l0^i15019
995    ทศพร
999    ^aทศพร เกษรทอง
รายการนี้ยังไม่มีแท็ก
คุณยังไม่ได้ล็อกอิน คุณสามารถมีกิจกรรมร่วมกับเว็บไซต์ได้ แต่ต้องล็อกอินก่อน ::
  ล็อกอิน

รายการสื่อสารสนเทศ

ลำดับที่ ประเภท เลขเรียก/บาร์โค้ด สถานที่ สถานะ
1. นวนิยาย
นวนิยาย
นว. ว111ข ฉ.1 
  Barcode: 15019
ห้องสมุดวิทยาเขตสวรรค์ประชารักษ์
►นวนิยาย
บนชั้น
  ขอยืม

รายการใกล้เคียง
    ผู้แต่ง [ว.วินิจฉัยกุล]

BibComment


ยังไม่เคยถูกคอมเมนท์

คอมเมนท์ทรัพยากรรายการนี้
  คอมเมนท์: ของขวัญวันวาน ววิ..


 Copyright 2026. Bcnsprnw @Library